Industrial strategy and planning in Mexico and the United States / (Record no. 1828)
[ view plain ]
| 000 -LEADER | |
|---|---|
| fixed length control field | nam a22 a 4500 |
| 005 - DATE AND TIME OF LATEST TRANSACTION | |
| control field | 20170512100604.0 |
| 008 - FIXED-LENGTH DATA ELEMENTS--GENERAL INFORMATION | |
| fixed length control field | 170512b1986 xxu||||| |||| 00| 0 eng d |
| 020 ## - INTERNATIONAL STANDARD BOOK NUMBER | |
| International Standard Book Number | 0813372682 |
| 040 ## - CATALOGING SOURCE | |
| Original cataloging agency | AKMAL |
| 082 ## - DEWEY DECIMAL CLASSIFICATION NUMBER | |
| Classification number | 338.972 WEI |
| 090 ## - LOCALLY ASSIGNED LC-TYPE CALL NUMBER (OCLC); LOCAL CALL NUMBER (RLIN) | |
| Classification number (OCLC) (R) ; Classification number, CALL (RLIN) (NR) | 338.972 |
| Local cutter number (OCLC) ; Book number/undivided call number, CALL (RLIN) | WEI |
| 245 ## - TITLE STATEMENT | |
| Title | Industrial strategy and planning in Mexico and the United States / |
| Statement of responsibility, etc. | edited by Sidney Weintraub. |
| 260 ## - PUBLICATION, DISTRIBUTION, ETC. | |
| Place of publication, distribution, etc. | Boulder, Colo. |
| Name of publisher, distributor, etc. | Westview Press. |
| Date of publication, distribution, etc. | 1986. |
| 300 ## - PHYSICAL DESCRIPTION | |
| Dimensions | cm |
| 490 ## - SERIES STATEMENT | |
| Series statement | Westview special studies in international economics and business |
| 650 ## - SUBJECT ADDED ENTRY--TOPICAL TERM | |
| Topical term or geographic name entry element | Industrial policy |
| Geographic subdivision | United States. |
| 9 (RLIN) | 3785 |
| 650 ## - SUBJECT ADDED ENTRY--TOPICAL TERM | |
| Topical term or geographic name entry element | Industrial policy |
| Geographic subdivision | Mexico. |
| 9 (RLIN) | 3786 |
| 650 ## - SUBJECT ADDED ENTRY--TOPICAL TERM | |
| Topical term or geographic name entry element | Industries |
| General subdivision | Case studies. |
| Geographic subdivision | United States |
| 9 (RLIN) | 3787 |
| 650 ## - SUBJECT ADDED ENTRY--TOPICAL TERM | |
| Topical term or geographic name entry element | Industries |
| General subdivision | Case studies. |
| Geographic subdivision | Mexico |
| 9 (RLIN) | 3788 |
| 650 ## - SUBJECT ADDED ENTRY--TOPICAL TERM | |
| Topical term or geographic name entry element | Industries |
| Geographic subdivision | Mexican-American Border Region |
| 9 (RLIN) | 3789 |
| 650 ## - SUBJECT ADDED ENTRY--TOPICAL TERM | |
| Source of heading or term | blcoll |
| Topical term or geographic name entry element | Management and Business Studies |
| 9 (RLIN) | 1121 |
| 700 ## - ADDED ENTRY--PERSONAL NAME | |
| Personal name | Weintraub, Sidney. |
| 9 (RLIN) | 3790 |
| 942 ## - ADDED ENTRY ELEMENTS (KOHA) | |
| Source of classification or shelving scheme | |
| Koha item type | Book |
| Withdrawn status | Lost status | Source of classification or shelving scheme | Damaged status | Not for loan | Collection code | Home library | Current library | Shelving location | Date acquired | Inventory number | Total Checkouts | Full call number | Barcode | Date last seen | Price effective from | Koha item type |
|---|---|---|---|---|---|---|---|---|---|---|---|---|---|---|---|---|
| NON-FICTION | AKMAL Melaka | AKMAL Melaka | PINJAMAN | 12.05.2017 | 300666 | 338.972 WEI | 201705729 | 12.05.2017 | 12.05.2017 | Book |
